000 00876nam a2200229 i 4500
001 46598
003 ES-MaACL
005 20251221155352.0
007 t|
008 030331s1973 sp ||||1| spa d
020 _a84-600-5660-0
080 _a94(460.31)(063)
111 0 _aCongreso de Historia del País Valenciano
_n(1º.
_d1971.
_cValencia)
_9308
245 1 0 _aPrimer Congreso de Historia del País Valenciano, celebrado en Valencia del 14 al 18 de abril de 1971.
260 _aValencia :
_bUniversidad,
_c1973.
300 _a3 v. :
_bil. ;
_c24 cm.
505 8 _aContiene: I. Crónica del congreso. Conferencias sobre fuentes. III. Edad Moderna. IV. Edad contemporánea
651 4 _aComunidad Valenciana-
_xHistoria-
_vCongresos y asambleas.
_99499
710 2 _aUniversidad de Valencia.
_97314
852 _aES-MaACL
_jP-1562
_bR.86706
999 _c46598
_d46598